| 000 | 00491nam a2200121Ia 4500 | ||
|---|---|---|---|
| 008 | 220620s9999||||xx |||||||||||||| ||und|| | ||
| 100 | _aKati?, Darko | ||
| 245 | 0 | _aSituation Interpretation for Knowledge- and Model Based Laparoscopic Surgery | |
| 546 | _aEnglish[eng] | ||
| 650 | _aMaschinelles Lernen||Assistenz||Ontologie||Ontology||Surgery||Augmented Reality||Chirurgie||Erweiterte RealitätMachine Learning||Assistance | ||
| 856 | _uhttps://www.ksp.kit.edu/9783731505273 | ||
| 942 | _cEB | ||
| 999 |
_c31179 _d31179 |
||